000 00312nam a22001337a 4500
003 SGT
082 _a157
_bP17G
100 _aGREGORY, ROBERT
245 _aPSYCHOLOGICAL TESTING: HISTORY, PRINCIPLES AND APPLICATION
250 _a7TH
260 _aINDIA
_bPERSON
_c2017
300 _a602
942 _2ddc
_cBK
_06
999 _c15062
_d15062